Table for 12 Characters Quiz Stats

 Plays Quiz not verified by Sporcle

Support Sporcle.
Go Orange.
Score 0/12 Timer 02:00
0 Plays Today
% Correct
Kevin Hayes
100%
Kyle Hayes
100%
Ryan Hayes
100%
Eric Hayes
95.8%
Meghan Hayes
95.8%
Tara Hayes
95.8%
Rachel Hayes
95.8%
Rebecca Hayes
95.8%
Connor Hayes
95.8%
Kieran Hayes
91.7%
EJ Hayes
91.7%
Elizabeth Hayes
87.5%

You're not logged in!

Compare scores with friends on all Sporcle quizzes.
OR
Log In

From the Vault

Kennedy Kids

by HenryFieldstone

In honor of the late Senator Kennedy and his family.
Remove Ads.
Support Sporcle.
Get the best of Sporcle when you Go Orange. This ad-free experience offers more features, more stats, and more fun while also helping to support Sporcle. Thank you for becoming a member.

Show Comments

Extras

Created Feb 26, 2011ReportNominate
Tags:Character, Hunger, Qwerty, Table

Top Quizzes Today


Score Distribution

Your Account Isn't Verified!

In order to create a playlist on Sporcle, you need to verify the email address you used during registration. Go to your Sporcle Settings to finish the process.

Report this User

Report this user for behavior that violates our Community Guidelines.

Details: